Európska integrácia a Slovensko

Bibliographic Details
Main Author: Komová, Anna (Author, Interviewer)
Format: Article
Language:Slovak
PhysicalDescription:Fotogr.
ISSN:1335-0307
Subjects:
Online Access:http://www.parlamentnykurier.sk/kur176a177-09/21.pdf

MARC

LEADER 00000nab a2200000 a 4500
001 vtls010036873
003 SK-MaSNL
005 20260426082513.0
008 140429c2009 xo zr|p|||||||000 b|slo
015 |a SNBRB2010/01  |2 snkbucl 
040 |a SNKBUCL  |b slo  |c SNKBUCL  |e AACR2 
041 0 |a slo 
044 |a xo  |c SK 
080 |a 327  |x (437.6:4)  |2 2001 
080 |a 327.39  |x (4)  |2 2001 
100 1 |a Komová, Anna  |4 ivr  |4 aut  |9 1034364 
245 1 0 |a Európska integrácia a Slovensko  |c Anna Komová, Juraj Horváth 
300 |b Fotogr. 
610 2 7 |a Európska únia  |2 snkbucl  |9 29861 
650 0 7 |a európska integrácia  |2 snkbucl  |9 2140 
651 7 |a Slovensko  |2 snkbucl  |9 14231 
655 7 |a rozhovory  |2 snkbucl  |9 31831 
700 1 |a Horváth, Juraj  |4 ive  |9 6430 
773 0 |t Parlamentný kuriér  |g Roč. XVII, č. CLXXVI-CLXXVII (2009), s. 21-23  |x 1335-0307 
852 |a SNK  |b KIS3GCP 
856 4 1 |u http://www.parlamentnykurier.sk/kur176a177-09/21.pdf 
958 |a SK 
999 |c 2877202  |d 2879132